Doa-doa pilihan Nabi

Bibliographic Details
Main Author: Muhammad Shariff
Other Authors: Nabila Abd-Jalil
Format: Book
Published: Kuala Lumpur : Synergy Media
Series:Siri hidayah Islam
Subjects:

MARC

LEADER 00000cam a2200000 7i4500
001 0000027397
005 20090904.0
008 090902
020 |a 9673220403 
090 0 0 |a 297.3824   |b MUH 
100 1 |a Muhammad Shariff 
245 1 0 |a Doa-doa pilihan Nabi   |c Muhammad Shariff 
260 |a Kuala Lumpur :   |b Synergy Media 
440 |a Siri hidayah Islam 
650 0 |a Islam   |x prayers & devotions 
650 0 |a Prayer   |x Islam 
700 1 |a Nabila Abd-Jalil 
999 |a 0001059435   |b Book   |c Adult Collection   |e Perbadanan Perpustakaan Awam Johor 
999 |a 0001059436   |b Book   |c Adult Collection   |e Perbadanan Perpustakaan Awam Johor 
999 |a 0001059437   |b Book   |c Adult Collection   |e Perbadanan Perpustakaan Awam Johor 
999 |a 0001059438   |b Book   |c Adult Collection   |e Perbadanan Perpustakaan Awam Johor 
999 |a 0001064594   |b Book   |c Adult Collection   |e Cawangan Taman Sri Lambak